[Event "CYCC U14 "]
[Site "Hamilton CAN"]
[Date "2022.07.09"]
[Round "3.11"]
[White "Khaimovich, Lev"]
[Black "Locham, Divjot"]
[Result "0-1"]
[WhiteElo "1259"]
[BlackElo "1751"]
[PlyCount "42"]
[EventDate "2022.07.08"]
[EventType "swiss"]
[EventRounds "7"]
[EventCountry "CAN"]

1. e4 e5 2. Nf3 Nc6 3. Bc4 Bc5 4. c3 Nf6 5. d4 exd4 6. e5 d5 7. Bb5 Ne4 8. cxd4
Bb4+ 9. Nbd2 Bd7 10. a4 Ng5 11. O-O Bxd2 12. Bxd2 Nxf3+ 13. Qxf3 Nxd4 14. Qxd5
Bxb5 15. Qxd8+ Rxd8 16. Bg5 Bxf1 17. Bxd8 Kxd8 18. Kxf1 Ke7 19. Rc1 c6 20. f4
Rd8 21. Ke1 Ke6 0-1

[Event "CYCC U14 "]
[Site "Hamilton CAN"]
[Date "2022.07.09"]
[Round "3.12"]
[White "Yang, Lefan"]
[Black "Holmgren, Emilian"]
[Result "1-0"]
[WhiteElo "1738"]
[BlackElo "1226"]
[PlyCount "41"]
[EventDate "2022.07.08"]
[EventType "swiss"]
[EventRounds "7"]
[EventCountry "CAN"]

1. d4 d5 2. e3 Nf6 3. Bd3 Nc6 4. Nf3 Bg4 5. Bb5 Qd6 6. O-O a6 7. Be2 O-O-O 8.
Ng5 Bxe2 9. Qxe2 Qd7 10. Nxf7 g6 11. Nxd8 Kxd8 12. c4 h5 13. cxd5 Qxd5 14. Nc3
Qe6 15. d5 Qf5 16. dxc6 bxc6 17. Rd1+ Ke8 18. e4 Qe6 19. Qxa6 h4 20. h3 Nxe4
21. Re1 1-0

[Event "CYCC U14 "]
[Site "Hamilton CAN"]
[Date "2022.07.09"]
[Round "3.13"]
[White "Georges, Maxim"]
[Black "Chen, Ricky"]
[Result "0-1"]
[WhiteElo "1226"]
[BlackElo "1709"]
[PlyCount "44"]
[EventDate "2022.07.08"]
[EventType "swiss"]
[EventRounds "7"]
[EventCountry "CAN"]

1. e4 g6 2. d4 Bg7 3. Nf3 c5 4. c3 cxd4 5. cxd4 d5 6. e5 Nc6 7. Bb5 Nh6 8. Qa4
Qb6 9. Nc3 Be6 10. Ng5 O-O 11. Bxc6 bxc6 12. b3 Bd7 13. Nxd5 cxd5 14. Qxd7 Qxd4
15. Rb1 Qxe5+ 16. Kf1 Qd4 17. Ke1 Qd3 18. f3 Qxb1 19. Kf2 Nf5 20. g4 Qc2+ 21.
Kg1 Bd4+ 22. Kf1 Qf2# 0-1

[Event "CYCC U14 "]
[Site "Hamilton CAN"]
[Date "2022.07.09"]
[Round "3.14"]
[White "Wang, Nathan"]
[Black "Buczynski, Christian"]
[Result "1-0"]
[WhiteElo "1566"]
[BlackElo "1199"]
[PlyCount "109"]
[EventDate "2022.07.08"]
[EventType "swiss"]
[EventRounds "7"]
[EventCountry "CAN"]

1. e4 e6 2. d4 d5 3. exd5 exd5 4. Nf3 Nf6 5. Bf4 Bd6 6. Qd2 Bg4 7. Bxd6 Qxd6 8.
Be2 Nbd7 9. Nc3 c6 10. O-O O-O 11. h3 Bh5 12. a4 a5 13. Rfe1 Rfe8 14. Nh2 Bxe2
15. Rxe2 Rxe2 16. Qxe2 Re8 17. Qd2 h6 18. Ne2 Qc7 19. Ng3 Nf8 20. Nf3 Ng6 21.
b4 axb4 22. Qxb4 Qe7 23. Qb6 Qd7 24. a5 Re7 25. Nd2 Ne8 26. a6 bxa6 27. Rxa6
Re6 28. Nb3 c5 29. Qa5 Rxa6 30. Qxa6 cxd4 31. Nxd4 Qd6 32. Qc8 Qf8 33. Ngf5 Nf6
34. Qc7 Qe8 35. Ne3 Qe7 36. Qc6 Qb4 37. Nf3 Ne7 38. Qa8+ Kh7 39. Qf8 d4 40.
Nxd4 Qxd4 41. Qxe7 Qd7 42. Qe5 Qe6 43. Qd4 Qe4 44. Qa7 Qe6 45. c4 Qd7 46. Qa5
Kg8 47. c5 Kf8 48. Qa8+ Qe8 49. Qb7 Qe7 50. Qb6 Ne4 51. c6 Qf6 52. Qb4+ Qe7 53.
c7 Qxb4 54. c8=Q+ Ke7 55. Nd5+ 1-0

[Event "CYCC U14 "]
[Site "Hamilton CAN"]
[Date "2022.07.09"]
[Round "3.16"]
[White "Xu, Joey"]
[Black "Hossain, Azher"]
[Result "1-0"]
[WhiteElo "1207"]
[BlackElo "1424"]
[PlyCount "85"]
[EventDate "2022.07.08"]
[EventType "swiss"]
[EventRounds "7"]
[EventCountry "CAN"]

1. e4 c6 2. Nf3 d5 3. Nc3 Bg4 4. Be2 d4 5. Nxd4 Qxd4 6. Bxg4 Nf6 7. Bf3 e5 8.
O-O Nbd7 9. d3 Qb6 10. Rb1 Bb4 11. Be3 Qa5 12. Bd2 Bxc3 13. Bxc3 Qxa2 14. Bg4
h5 15. Ra1 Qxa1 16. Bxd7+ Nxd7 17. Qxa1 f6 18. Qa2 Ke7 19. Bb4+ c5 20. Bd2 b6
21. Qd5 g5 22. f3 h4 23. h3 Rhd8 24. Qc4 Nf8 25. Be3 Ne6 26. c3 Rd7 27. Rd1
Rad8 28. Kf2 Rd6 29. Ke1 R6d7 30. Ke2 Rd6 31. b4 cxb4 32. Qxb4 Kf7 33. Qc4 Ke7
34. d4 R8d7 35. Rd2 Rc7 36. Qb4 exd4 37. cxd4 Kd7 38. e5 fxe5 39. dxe5 Rxd2+
40. Kxd2 Rc6 41. Qa4 Kc7 42. Qxa7+ Kc8 43. Bxb6 1-0

[Event "CYCC U14 "]
[Site "Hamilton CAN"]
[Date "2022.07.09"]
[Round "3.17"]
[White "Kheni, Kush"]
[Black "Suresh, Pavan"]
[Result "0-1"]
[WhiteElo "907"]
[BlackElo "1413"]
[PlyCount "102"]
[EventDate "2022.07.08"]
[EventType "swiss"]
[EventRounds "7"]
[EventCountry "CAN"]

1. d4 d5 2. Bf4 e6 3. e3 c5 4. c3 Nc6 5. Nf3 Nf6 6. Nbd2 Be7 7. Bb5 Bd7 8. O-O
O-O 9. Qe2 a6 10. Ba4 Nxd4 11. Nxd4 Bxa4 12. N4f3 Bb5 13. c4 Bc6 14. Rfd1 Qb6
15. b3 Ne4 16. Nxe4 dxe4 17. Ne5 Rad8 18. Nxc6 Qxc6 19. h3 Bf6 20. Rac1 Qb6 21.
Rc2 Rxd1+ 22. Qxd1 Rd8 23. Qe2 Qa5 24. Kf1 h6 25. Bg3 Rd7 26. Bf4 Qd8 27. Ke1
Rd3 28. Bg3 Bc3+ 29. Rxc3 Rxc3 30. f3 Rc1+ 31. Kf2 Qd3 32. fxe4 Rc2 33. Qxc2
Qxc2+ 34. Kf3 Qxa2 35. Bd6 b6 36. Bc7 Qxb3 37. Bg3 Qxc4 38. Kf4 f6 39. Bf2 f5
40. g4 Qxe4+ 41. Kg3 a5 42. gxf5 a4 43. fxe6 a3 44. e7 a2 45. e8=Q+ Qxe8 46. e4
a1=Q 47. Bxc5 bxc5 48. h4 Qc3+ 49. Kf4 Qee5+ 50. Kg4 Qxe4+ 51. Kh5 Qce5# 0-1

[Event "CYCC U14 "]
[Site "Hamilton CAN"]
[Date "2022.07.09"]
[Round "3.19"]
[White "Huang, Winston"]
[Black "Zeng, Gordon"]
[Result "0-1"]
[WhiteElo "1131"]
[BlackElo "929"]
[PlyCount "148"]
[EventDate "2022.07.08"]
[EventType "swiss"]
[EventRounds "7"]
[EventCountry "CAN"]

1. d4 d5 2. c4 c6 3. Nc3 Nf6 4. Nf3 Bf5 5. Bg5 g6 6. e3 Bg7 7. Be2 Na6 8. O-O
h6 9. Bf4 Nd7 10. cxd5 g5 11. Bg3 Nc7 12. e4 Bg6 13. Rc1 Nf6 14. Bxc7 Qxc7 15.
e5 Ne4 16. Nxe4 Bxe4 17. dxc6 bxc6 18. d5 Qb6 19. dxc6 Bxc6 20. Qc2 Rc8 21.
Rfd1 O-O 22. Qb3 Qxb3 23. axb3 Bxf3 24. gxf3 Rxc1 25. Rxc1 Bxe5 26. Ra1 Ra8 27.
Bd3 Bxb2 28. Ra2 Bd4 29. Kg2 Rf8 30. Re2 Bc5 31. Re5 Bd6 32. Ra5 Bb8 33. Rb5
Bd6 34. Rd5 Rd8 35. b4 e6 36. Rd4 f5 37. b5 Kf7 38. Bc4 Kf6 39. Rd1 h5 40. h3
Ke7 41. h4 Rg8 42. hxg5 Rxg5+ 43. Kh3 Bc5 44. Rd2 Rg1 45. Re2 Rg6 46. Kh4 Kf7
47. Kxh5 Be7 48. Bb3 Rg5+ 49. Kh4 Rg7+ 50. Kh3 Rg6 51. Kh2 Bd6+ 52. Kh3 Ke7 53.
Bd5 e5 54. Bc6 Kf6 55. Rd2 Bc5 56. Rc2 Bd4 57. Be8 Rg8 58. Bd7 Rg7 59. Rc6+ Kg5
60. Be6 Kf4 61. Bd5 Bxf2 62. Rc4+ Ke3 63. Bc6 Ke2 64. Rc2+ Kf1 65. Rc1+ Be1 66.
Rxe1+ Kxe1 67. Kh4 Kf2 68. Kh5 Ke3 69. Kh6 Rg3 70. Kh5 e4 71. fxe4 fxe4 72. Kh4
Rg1 73. Kh3 Kd4 74. Kh2 Rg7 0-1

[Event "CYCC U14 "]
[Site "Hamilton CAN"]
[Date "2022.07.09"]
[Round "3.20"]
[White "Grosman, Ari"]
[Black "Yang, Larry"]
[Result "0-1"]
[WhiteElo "992"]
[BlackElo "1807"]
[PlyCount "106"]
[EventDate "2022.07.08"]
[EventType "swiss"]
[EventRounds "7"]
[EventCountry "CAN"]

1. d4 Nf6 2. c4 g6 3. Nc3 Bg7 4. e4 d6 5. Nf3 O-O 6. Be3 e5 7. d5 a5 8. Be2 h6
9. h3 Kh7 10. a3 Ng8 11. Nd2 f5 12. f3 f4 13. Bf2 Bf6 14. b4 Bh4 15. O-O Bxf2+
16. Rxf2 axb4 17. axb4 Rxa1 18. Qxa1 Na6 19. Qa3 Qg5 20. Kf1 Nf6 21. c5 Nh5 22.
Nb5 Ng3+ 23. Ke1 Qh4 24. Nc3 Nh1 25. Nd1 Nxf2 26. Nxf2 Qe7 27. c6 Nb8 28. Qa8
bxc6 29. Qxb8 cxd5 30. Qb5 dxe4 31. Ndxe4 Be6 32. Bc4 Ra8 33. Qc6 Ra1+ 34. Ke2
Rc1 35. Nf6+ Qxf6 36. Qxc7+ Kh8 37. Qb8+ Kg7 38. Ne4 Qe7 39. Bxe6 Qxe6 40. Qxd6
Qxd6 41. Nxd6 Rc6 42. Ne4 Rb6 43. Kf2 Rxb4 44. Kg1 Rxe4 45. fxe4 g5 46. Kf2 Kf6
47. Kf3 h5 48. g3 fxg3 49. Kxg3 Ke6 50. Kf3 Kd6 51. Ke3 Kc5 52. Kd3 Kb4 53. Ke3
Kc3 0-1

[Event "CYCC U14 "]
[Site "Hamilton CAN"]
[Date "2022.07.09"]
[Round "3.21"]
[White "Jiao, Dian Bing"]
[Black "Harihara, Vikrant"]
[Result "1-0"]
[WhiteElo "1188"]
[BlackElo "1242"]
[PlyCount "91"]
[EventDate "2022.07.08"]
[EventType "swiss"]
[EventRounds "7"]
[EventCountry "CAN"]

1. d4 Nf6 2. c4 e6 3. Nc3 Bb4 4. Bg5 h6 5. Bh4 c5 6. e3 d5 7. Nf3 b6 8. a3
Bxc3+ 9. bxc3 Ba6 10. cxd5 Bxf1 11. Kxf1 exd5 12. Ne5 Qd6 13. Qa4+ Nfd7 14. Bg3
Qe6 15. Ke2 O-O 16. Rhe1 Nxe5 17. Bxe5 Nc6 18. Bg3 b5 19. Qd1 c4 20. Kf1 Na5
21. f3 Nb3 22. Ra2 f5 23. Kg1 a5 24. Rae2 Qc6 25. Be5 b4 26. cxb4 axb4 27. axb4
Rf7 28. Qb1 Qb6 29. Qc2 g6 30. Qc3 Rfa7 31. e4 fxe4 32. fxe4 Ra1 33. Qe3 Qxb4
34. Kf2 Rxe1 35. Rxe1 Qf8+ 36. Kg1 Kh7 37. exd5 Ra1 38. Rxa1 Nxa1 39. Qc3 Nb3
40. Qxc4 Nd2 41. Qd3 Qb4 42. d6 Nc4 43. d7 Qe1+ 44. Qf1 Qe3+ 45. Kh1 Qg5 46.
Qf7# 1-0

[Event "CYCC U14 "]
[Site "Hamilton CAN"]
[Date "2022.07.09"]
[Round "3.22"]
[White "Hong, Zihan"]
[Black "Broekema, Lincoln"]
[Result "1-0"]
[WhiteElo "841"]
[BlackElo "1151"]
[PlyCount "75"]
[EventDate "2022.07.08"]
[EventType "swiss"]
[EventRounds "7"]
[EventCountry "CAN"]

1. e4 c5 2. Nf3 d6 3. Nc3 Nf6 4. d4 cxd4 5. Nxd4 a6 6. Bd3 e5 7. Nf3 Be7 8. Bg5
Be6 9. Qe2 b5 10. a3 Nbd7 11. Rd1 h6 12. Bh4 O-O 13. h3 Rc8 14. g4 Re8 15. Kd2
Qa5 16. g5 Nh5 17. gxh6 Nf4 18. Qf1 Bxh4 19. Nxh4 gxh6 20. Ra1 Qd8 21. Nf5 Bxf5
22. exf5 d5 23. f3 Nf6 24. Rg1+ Kh8 25. Re1 e4 26. Be2 e3+ 27. Kc1 d4 28. Ne4
Nxe4 29. fxe4 Nxe2+ 30. Qxe2 Qf6 31. Rg4 Red8 32. Rd1 h5 33. Rf4 Qh6 34. Rh4
Kg8 35. Kb1 Qd6 36. Rxh5 b4 37. axb4 Qxb4 38. f6 1-0

[Event "CYCC U14 "]
[Site "Hamilton CAN"]
[Date "2022.07.09"]
[Round "3.23"]
[White "Pollitt, Henry"]
[Black "Singh, Udayveer"]
[Result "1-0"]
[WhiteElo "1114"]
[BlackElo "1018"]
[PlyCount "133"]
[EventDate "2022.07.08"]
[EventType "swiss"]
[EventRounds "7"]
[EventCountry "CAN"]

1. d4 d5 2. c4 c6 3. cxd5 cxd5 4. Nc3 Nf6 5. Bf4 a6 6. Bxb8 Rxb8 7. Nf3 e6 8.
e3 Bb4 9. Qa4+ Bd7 10. Qxb4 Qe7 11. Qxe7+ Kxe7 12. Ne5 Rhc8 13. Nxd7 Kxd7 14.
Bd3 h6 15. Kd2 b5 16. Rac1 Ng4 17. f3 Nf2 18. Rhf1 Nxd3 19. Kxd3 b4 20. Na4
Rxc1 21. Rxc1 b3 22. Nc5+ Kd6 23. Nxb3 a5 24. Nxa5 Rxb2 25. Rc2 Rb1 26. Nb3 Rh1
27. h3 g5 28. a4 Rb1 29. Rc3 Rb2 30. Nd2 Ra2 31. e4 Rxa4 32. Nb3 Ra2 33. e5+
Kd7 34. Rc2 Ra3 35. Kc3 Ra7 36. Nc5+ Kd8 37. Rb2 Ra3+ 38. Kd2 Ke8 39. Ke1 Kf8
40. Kf2 Kg7 41. Kg3 Kg6 42. Rb8 Kg7 43. Rb7 Ra2 44. Nxe6+ Kg6 45. Nc5 Rd2 46.
Rb4 h5 47. Nd7 Kf5 48. Rb6 h4+ 49. Kh2 Kf4 50. Rf6+ Ke3 51. Rxf7 Kxd4 52. e6
Re2 53. e7 Kd3 54. Nf6 d4 55. e8=Q Kd2 56. Re7 d3 57. Rxe2+ dxe2 58. Qxe2+ Kxe2
59. Nh7 Ke3 60. Nxg5 Kf4 61. Ne4 Ke3 62. Kg1 Ke2 63. f4 Ke3 64. f5 Kxe4 65. f6
Kd5 66. f7 Kc6 67. f8=Q 1-0

[Event "CYCC U14 "]
[Site "Hamilton CAN"]
[Date "2022.07.09"]
[Round "3.24"]
[White "Johnson, William"]
[Black "Sun, Jonathan"]
[Result "1-0"]
[WhiteElo "1082"]
[BlackElo "873"]
[PlyCount "99"]
[EventDate "2022.07.08"]
[EventType "swiss"]
[EventRounds "7"]
[EventCountry "CAN"]

1. e4 e5 2. Nf3 Nc6 3. Bc4 Bc5 4. Nc3 d6 5. h3 Be6 6. Bb3 h6 7. d3 Nf6 8. g4
Nd4 9. Nxd4 Bxd4 10. Bd2 h5 11. g5 Bxb3 12. axb3 Nh7 13. Qxh5 g6 14. Qh6 Qe7
15. Nd5 Qf8 16. Nxc7+ Kd7 17. Nxa8 Qxh6 18. gxh6 Rxa8 19. c3 Bb6 20. Rf1 Ke6
21. f4 f5 22. exf5+ gxf5 23. fxe5 dxe5 24. O-O-O Kf6 25. Rde1 Rh8 26. Be3 Bxe3+
27. Rxe3 Ng5 28. h4 Ne6 29. Rfe1 Nf4 30. Rg1 Rxh6 31. Rh1 Nd5 32. Rf3 Nf4 33.
d4 exd4 34. Rxf4 dxc3 35. bxc3 Ke5 36. Rhf1 Rf6 37. h5 b5 38. h6 a6 39. h7 Rf8
40. Rxf5+ Rxf5 41. h8=Q+ Ke4 42. Qe8+ Re5 43. Re1+ Kd5 44. Qxe5+ Kc6 45. Rd1
Kb6 46. b4 a5 47. Qc5+ Ka6 48. Qc6+ Ka7 49. Rd7+ Kb8 50. Qb7# 1-0

[Event "CYCC U14 "]
[Site "Hamilton CAN"]
[Date "2022.07.09"]
[Round "3.25"]
[White "Levanon, Peled"]
[Black "Shen, Yining"]
[Result "1-0"]
[WhiteElo "1028"]
[BlackElo "840"]
[PlyCount "57"]
[EventDate "2022.07.08"]
[EventType "swiss"]
[EventRounds "7"]
[EventCountry "CAN"]

1. d4 Nf6 2. c4 g6 3. Nc3 Bg7 4. e4 d6 5. Be2 Nbd7 6. Nf3 O-O 7. O-O c5 8. d5
Re8 9. a3 Ne5 10. Nxe5 dxe5 11. Be3 b6 12. b4 cxb4 13. axb4 Bb7 14. c5 e6 15.
c6 Bc8 16. d6 a5 17. c7 Qd7 18. Bb5 Nxe4 19. Bxd7 Nxc3 20. Qd3 Bxd7 21. Qxc3
axb4 22. Rxa8 bxc3 23. Rxe8+ Bxe8 24. c8=Q Kf8 25. d7 Ke7 26. Qxe8+ Kf6 27.
d8=Q+ Kf5 28. Qxf7+ Ke4 29. Qf3# 1-0

[Event "CYCC U14 "]
[Site "Hamilton CAN"]
[Date "2022.07.09"]
[Round "4.1"]
[White "Yuen, Noah Nathaniel"]
[Black "Lin, Leo"]
[Result "0-1"]
[WhiteElo "1954"]
[BlackElo "2189"]
[PlyCount "132"]
[EventDate "2022.07.08"]
[EventType "swiss"]
[EventRounds "7"]
[EventCountry "CAN"]

1. d4 Nf6 2. c4 g6 3. Nc3 d5 4. Nf3 Bg7 5. Bf4 O-O 6. e3 c6 7. Be2 dxc4 8. Bxc4
b5 9. Bb3 Bb7 10. O-O Nbd7 11. Qe2 a5 12. a3 Nb6 13. Rfd1 b4 14. Na4 Nxa4 15.
Bxa4 Nd5 16. Bg3 Nb6 17. axb4 axb4 18. Bb3 Qc8 19. Qc2 Nd7 20. Rxa8 Qxa8 21. h4
e6 22. Ng5 Nf6 23. Bd6 Rd8 24. Be7 Re8 25. Bc5 h6 26. Ne4 Nxe4 27. Qxe4 h5 28.
Qf4 Qa6 29. Qc7 Rc8 30. Qb6 Qxb6 31. Bxb6 Ra8 32. Bc5 Bf8 33. Bxf8 Kxf8 34. Rc1
Ra6 35. Rc4 Rb6 36. Ba4 Ke7 37. Kh2 Kd6 38. b3 f6 39. f3 e5 40. Kg3 Ba6 41. Rc5
Bd3 42. Kf2 e4 43. g4 exf3 44. gxh5 gxh5 45. Kxf3 Ra6 46. Bxc6 Rxc6 47. Rxh5
Rb6 48. Rc5 Rc6 49. Ra5 Rc3 50. h5 Rxb3 51. e4 Bc2+ 52. Kf4 Rh3 53. Rb5 b3 54.
e5+ fxe5+ 55. dxe5+ Kc6 56. Rb8 Kc7 57. Rb5 Rxh5 58. Ke3 Kc6 59. Rb8 Rxe5+ 60.
Kd2 Rb5 61. Rxb5 Kxb5 62. Kc3 Ka4 63. Kb2 Kb4 64. Ka1 Bd1 65. Kb2 Bh5 66. Kb1
Ka3 0-1

[Event "CYCC U14 "]
[Site "Hamilton CAN"]
[Date "2022.07.09"]
[Round "4.2"]
[White "Yang, Jingyun (Ryan)"]
[Black "Leong, Aiden"]
[Result "1/2-1/2"]
[WhiteElo "2141"]
[BlackElo "1775"]
[PlyCount "82"]
[EventDate "2022.07.08"]
[EventType "swiss"]
[EventRounds "7"]
[EventCountry "CAN"]

1. g3 d5 2. Nf3 Nf6 3. Bg2 Bg4 4. O-O e6 5. d4 c5 6. c3 Nc6 7. Nbd2 Be7 8. dxc5
Bxc5 9. Nb3 Be7 10. Nbd4 O-O 11. Nxc6 bxc6 12. Ne5 Qb6 13. Nxg4 Nxg4 14. e4 Nf6
15. exd5 cxd5 16. Qe2 Rac8 17. Be3 Bc5 18. Bg5 Be7 19. Rfe1 h6 20. Bf4 Bd6 21.
Bxd6 Qxd6 22. Rac1 Rc7 23. Rcd1 Qb6 24. Rd4 Rfc8 25. Kf1 Rc4 26. Red1 Rxd4 27.
Rxd4 Qxd4 28. cxd4 Rc1+ 29. Qe1 Rxe1+ 30. Kxe1 Kf8 31. Bf3 Ke7 32. Kd2 Kd6 33.
Be2 Ne4+ 34. Ke3 Kc6 35. Bd3 Nd6 36. f3 Nc4+ 37. Bxc4 dxc4 38. Kd2 a5 39. Kc3
Kd5 40. h4 f6 41. h5 e5 1/2-1/2

[Event "CYCC U14 "]
[Site "Hamilton CAN"]
[Date "2022.07.09"]
[Round "4.3"]
[White "Lu, Tony"]
[Black "Kot, Emanuel"]
[Result "1/2-1/2"]
[WhiteElo "1773"]
[BlackElo "1994"]
[PlyCount "147"]
[EventDate "2022.07.08"]
[EventType "swiss"]
[EventRounds "7"]
[EventCountry "CAN"]

1. Nf3 d5 2. g3 Nf6 3. Bg2 e6 4. d4 Be7 5. O-O O-O 6. c4 dxc4 7. Nbd2 c6 8.
Nxc4 b5 9. Nce5 Qb6 10. Qc2 Bb7 11. Bd2 h6 12. b4 Nbd7 13. Nd3 Rfd8 14. Rfd1
Rac8 15. Rac1 Qc7 16. Nc5 Ba8 17. Bf4 Qb6 18. e4 a5 19. a3 Qa7 20. Ra1 Nb6 21.
Ne5 Nfd7 22. Nexd7 Nxd7 23. Bf1 Nb6 24. Qc3 Na4 25. Qe1 Nxc5 26. dxc5 g5 27.
Be5 f6 28. Bb2 Rxd1 29. Qxd1 Bd8 30. Bh3 Qe7 31. Qb3 Kf7 32. Rd1 a4 33. Qa2 h5
34. Bc3 g4 35. Bg2 Bc7 36. f3 Rd8 37. Qe2 Rxd1+ 38. Qxd1 f5 39. exf5 exf5 40.
Qd4 Kg6 41. fxg4 hxg4 42. Bf1 Bb7 43. Bd3 Bc8 44. Qxg4+ Qg5 45. Qd4 Kf7 46. Be2
Be6 47. Bd2 Be5 48. Qxe5 Qxd2 49. Bh5+ Ke7 50. Qg7+ Kd8 51. Qf6+ Kd7 52. Be8+
Kxe8 53. Qxe6+ Kd8 54. Qxf5 Qc1+ 55. Kg2 Qxa3 56. Qf8+ Kc7 57. Qd6+ Kb7 58.
Qd7+ Kb8 59. Qd8+ Kb7 60. Qb6+ Kc8 61. Qxc6+ Kd8 62. Qd6+ Ke8 63. c6 Qb2+ 64.
Kh3 Qh8+ 65. Kg4 Qg7+ 66. Kf5 Qh7+ 67. Ke5 Qh5+ 68. Kf4 Qf7+ 69. Ke3 Qb3+ 70.
Ke2 Qc2+ 71. Ke1 Qc1+ 72. Qd1 Qxc6 73. Qh5+ Kf8 74. Qh8+ 1/2-1/2

[Event "CYCC U14 "]
[Site "Hamilton CAN"]
[Date "2022.07.09"]
[Round "4.4"]
[White "Su, Ethan"]
[Black "Wang, Andy"]
[Result "1-0"]
[WhiteElo "1987"]
[BlackElo "1806"]
[PlyCount "87"]
[EventDate "2022.07.08"]
[EventType "swiss"]
[EventRounds "7"]
[EventCountry "CAN"]

1. d4 d5 2. c4 dxc4 3. e3 c5 4. Nf3 Nf6 5. Bxc4 e6 6. Nc3 Nc6 7. O-O cxd4 8.
exd4 Bb4 9. Bg5 h6 10. Be3 O-O 11. a3 Ba5 12. Qc2 Ne7 13. Rad1 Ned5 14. Nxd5
Nxd5 15. Ba2 b5 16. b4 Bb6 17. Bb1 Nf6 18. Ne5 Bb7 19. f3 Rc8 20. Qd3 a6 21.
Bf2 Qe7 22. Ng4 Rfd8 23. Kh1 Kf8 24. Bh4 Bxd4 25. Bxf6 Bxf6 26. Qh7 Ke8 27.
Qg8+ Qf8 28. Nxf6+ gxf6 29. Qg3 Bd5 30. Be4 Bxe4 31. fxe4 Rxd1 32. Rxd1 Qe7 33.
Qg8+ Qf8 34. Qg3 Qe7 35. Qf4 Rd8 36. Rf1 Rd4 37. Qxh6 Rxe4 38. Qh8+ Kd7 39.
Rd1+ Kc7 40. Qa8 Qd6 41. Qa7+ Kc8 42. Rxd6 Re1+ 43. Qg1 Rxg1+ 44. Kxg1 1-0

[Event "CYCC U14 "]
[Site "Hamilton CAN"]
[Date "2022.07.09"]
[Round "4.5"]
[White "Jiang, Barron Jiyu"]
[Black "Huang, Richard"]
[Result "0-1"]
[WhiteElo "1740"]
[BlackElo "1953"]
[PlyCount "94"]
[EventDate "2022.07.08"]
[EventType "swiss"]
[EventRounds "7"]
[EventCountry "CAN"]

1. e4 c6 2. d4 d5 3. exd5 cxd5 4. Bd3 Nf6 5. Nf3 Bg4 6. c3 e6 7. Bf4 Be7 8.
Nbd2 O-O 9. O-O Nc6 10. Re1 Bh5 11. Qb1 Bg6 12. Ne5 Nxe5 13. dxe5 Nd7 14. Bg3
Nc5 15. Bxg6 hxg6 16. c4 dxc4 17. Nxc4 Qd3 18. Qxd3 Nxd3 19. Re3 Rfd8 20. Nd6
Nxb2 21. Rc1 Bg5 22. f4 Be7 23. Rb3 Bxd6 24. exd6 Na4 25. f5 b6 26. fxe6 fxe6
27. Rc7 Nc5 28. Rf3 Rd7 29. Rc3 Rxc7 30. dxc7 Kf7 31. Bd6 Rc8 32. Rf3+ Ke8 33.
Rf8+ Kd7 34. Bxc5 bxc5 35. Rf7+ Kd6 36. Rxg7 Rxc7 37. Rxg6 c4 38. Rg3 c3 39.
Rd3+ Ke5 40. Rd1 c2 41. Rc1 Ke4 42. h4 Kd3 43. Kh2 Kd2 44. Rxc2+ Kxc2 45. Kg3
e5 46. h5 e4 47. Kf4 Kd3 0-1

[Event "CYCC U14 "]
[Site "Hamilton CAN"]
[Date "2022.07.09"]
[Round "4.6"]
[White "Han, Johnathan"]
[Black "Wang, Nathan"]
[Result "1-0"]
[WhiteElo "2232"]
[BlackElo "1566"]
[PlyCount "65"]
[EventDate "2022.07.08"]
[EventType "swiss"]
[EventRounds "7"]
[EventCountry "CAN"]

1. e4 c5 2. Nf3 d6 3. d4 cxd4 4. Nxd4 Nf6 5. Nc3 a6 6. Bg5 e6 7. f4 Be7 8. Qf3
Qc7 9. O-O-O Nbd7 10. f5 Ne5 11. Qh3 Nfg4 12. Bxe7 Qxe7 13. Qg3 O-O 14. Qf4 Rd8
15. Be2 Nf6 16. g4 Nc6 17. Nf3 b5 18. g5 Ne8 19. Rdg1 exf5 20. exf5 b4 21. Ne4
d5 22. Ng3 Qd6 23. Qh4 Ne5 24. Nd4 Bb7 25. f6 g6 26. Rd1 Rac8 27. Kb1 Rc7 28.
Rhe1 Nc6 29. Ngf5 gxf5 30. Nxf5 Qf8 31. Bd3 b3 32. Ne7+ Kh8 33. Qxh7# 1-0

[Event "CYCC U14 "]
[Site "Hamilton CAN"]
[Date "2022.07.09"]
[Round "4.7"]
[White "Chen, Ricky"]
[Black "Shi, Michael"]
[Result "0-1"]
[WhiteElo "1709"]
[BlackElo "1970"]
[PlyCount "84"]
[EventDate "2022.07.08"]
[EventType "swiss"]
[EventRounds "7"]
[EventCountry "CAN"]

1. e4 e5 2. Nf3 Nc6 3. d4 exd4 4. Bc4 Bc5 5. c3 Nf6 6. cxd4 Bb4+ 7. Bd2 Bxd2+
8. Nbxd2 d5 9. exd5 Nxd5 10. O-O O-O 11. Ne5 Nb6 12. Ndf3 Nxe5 13. Nxe5 Nxc4
14. Nxc4 c6 15. Ne3 Be6 16. Qd2 Qd6 17. Rfd1 Rad8 18. Qa5 f5 19. Qxa7 f4 20.
Nc2 f3 21. Qc5 Qd7 22. Ne3 Bd5 23. Nxd5 cxd5 24. Kh1 fxg2+ 25. Kg1 Qh3 26. Qe7
Rde8 27. Qd6 Qf5 28. Rd2 Re4 29. Qg3 h5 30. Qd3 Rfe8 31. Re2 Qf4 32. Rae1 Rf8
33. Qg3 Qf5 34. Rxe4 dxe4 35. Re2 Qf3 36. Qxf3 exf3 37. Re3 g5 38. d5 g4 39. d6
Rd8 40. Rd3 Kf7 41. h3 Ke6 42. hxg4 hxg4 0-1

[Event "CYCC U14 "]
[Site "Hamilton CAN"]
[Date "2022.07.09"]
[Round "4.8"]
[White "Wang, Derek"]
[Black "Xu, Joey"]
[Result "1-0"]
[WhiteElo "1934"]
[BlackElo "1207"]
[PlyCount "131"]
[EventDate "2022.07.08"]
[EventType "swiss"]
[EventRounds "7"]
[EventCountry "CAN"]

1. Nf3 c5 2. d4 Nf6 3. c3 e6 4. e3 Nc6 5. Bd3 d5 6. Nbd2 Bd6 7. O-O Qc7 8. e4
dxe4 9. Nxe4 Nxe4 10. Bxe4 cxd4 11. cxd4 Bd7 12. Re1 O-O-O 13. Bd2 Kb8 14. Rc1
Qb6 15. Bc3 Ne7 16. Qd2 Bc7 17. Bb4 Nd5 18. Bc5 Qa5 19. Bxd5 Qxd2 20. Nxd2 exd5
21. Bxa7+ Kxa7 22. Rxc7 Be6 23. Rec1 Rc8 24. Rxc8 Rxc8 25. Rxc8 Bxc8 26. f3 Be6
27. Kf2 b6 28. Ke3 Kb7 29. Nf1 Kc6 30. Ng3 g6 31. h4 h5 32. Kf4 f6 33. Ne2 Kd6
34. g4 hxg4 35. fxg4 Bf7 36. Ng3 Ke6 37. a4 Be8 38. b3 Kf7 39. g5 Bd7 40. Nf1
Bf5 41. Ne3 Be4 42. b4 fxg5+ 43. Kxg5 Ke6 44. Ng4 Bc2 45. a5 bxa5 46. bxa5 Kd6
47. Ne5 Kc7 48. Nxg6 Bd1 49. h5 Bxh5 50. Kxh5 Kb7 51. Ne7 Ka6 52. Nxd5 Kxa5 53.
Nf6 Kb5 54. d5 Kc5 55. Kg5 Kd6 56. Kf5 Ke7 57. Ke5 Kd8 58. d6 Kc8 59. Ke6 Kd8
60. d7 Kc7 61. Ke7 Kb7 62. d8=Q Kc6 63. Qd5+ Kb6 64. Kd7 Ka6 65. Kc7 Ka7 66.
Qa2# 1-0

[Event "CYCC U14 "]
[Site "Hamilton CAN"]
[Date "2022.07.09"]
[Round "4.9"]
[White "Zhang, Brian"]
[Black "Puri, Dylan"]
[Result "1-0"]
[WhiteElo "1842"]
[BlackElo "1087"]
[PlyCount "55"]
[EventDate "2022.07.08"]
[EventType "swiss"]
[EventRounds "7"]
[EventCountry "CAN"]

1. e4 c6 2. Nf3 d5 3. Nc3 dxe4 4. Nxe4 Nf6 5. Qe2 Nxe4 6. Qxe4 Nd7 7. Bc4 Nf6
8. Ne5 e6 9. Qe2 b5 10. Nxc6 Qc7 11. Bd3 Bd6 12. Nd4 a6 13. Nf5 Be5 14. Nxg7+
Kf8 15. Nh5 Nd5 16. Be4 Bb7 17. c3 Rc8 18. Kf1 b4 19. d4 Bxd4 20. Bh6+ Ke7 21.
cxd4 Bc6 22. g3 Qb6 23. Rd1 Qb7 24. Bg5+ Kf8 25. Bxd5 Bxd5 26. Qe5 Bc4+ 27. Kg1
Rg8 28. Qd6+ 1-0

[Event "CYCC U14 "]
[Site "Hamilton CAN"]
[Date "2022.07.09"]
[Round "4.11"]
[White "Zeng, Gordon"]
[Black "Locham, Divjot"]
[Result "0-1"]
[WhiteElo "929"]
[BlackElo "1751"]
[PlyCount "98"]
[EventDate "2022.07.08"]
[EventType "swiss"]
[EventRounds "7"]
[EventCountry "CAN"]

1. e4 e5 2. Nf3 Nc6 3. Bc4 Bc5 4. d3 Nf6 5. Nc3 d6 6. Be3 Bb6 7. h3 Be6 8. Bb3
h6 9. Ne2 Qd7 10. Qd2 Ba5 11. c3 Bb6 12. d4 Bxb3 13. axb3 exd4 14. Nfxd4 Nxe4
15. Qd1 Nxd4 16. Nxd4 Bxd4 17. Bxd4 Qe7 18. O-O O-O 19. Re1 c5 20. Bxg7 Kxg7
21. Qg4+ Qg5 22. Qxe4 Rae8 23. Qxb7 Qd2 24. Rxe8 Rxe8 25. Qf3 Qxb2 26. Rxa7
Qxb3 27. Qg3+ Kh7 28. Qd3+ Kg7 29. Qg3+ Kh7 30. Qxd6 Qb1+ 31. Kh2 Qf5 32. Ra6
Re6 33. Qxe6 fxe6 34. Ra7+ Kg6 35. Ra2 Qe5+ 36. g3 Qxc3 37. Re2 Qb3 38. f4 Qd5
39. g4 c4 40. h4 c3 41. h5+ Kg7 42. Kg3 c2 43. Rxc2 Qd3+ 44. Kf2 Qxc2+ 45. Kg3
Qd3+ 46. Kh4 Qd2 47. Kg3 Qe3+ 48. Kh4 Qf2+ 49. Kh3 Qxf4 0-1